000 00530nam a22001817a 4500
005 20241205092754.0
008 241205b |||||||| |||| 00| 0 eng d
020 _a9781485133643
041 _aEnglish
082 _a340.1 DEV
100 _lEnglish
245 _aDevenish on Interpretation /
_cGE Devenish
250 _aSecond Edition
260 _aCape Town:
_bJuta and Company (Pty) Ltd,
_c2024
300 _bxxxiii, 570 pages;
_c26 cm.
650 _aLegal practice
_bLaw
942 _cBK
_6ALISON_BN_VRIES
999 _c3276
_d3276